000 00684nam a2200241 i 4500
001 C2-0341280
003 PPAK
005 20221018165521.0
008 170313s2014 my gr 000 1 may d
020 _a9789674460198
_qpaperback
_z9789674460206
040 _aPPAK
_beng
_cPPAK
_erda
082 0 4 _a899.233
_223
090 0 0 _a899.233
_bPIS
_dG
100 0 _aPistacia Vera,
_eauthor.
245 1 0 _aUstaz Pink! /
_cPistacia Vera.
264 1 _aShah Alam, Selangor :
_bGrup Buku Karangkraf ,
_c2014
300 _a604 pages ;
_c18 cm
336 _atext
_2rdacontent
337 _aunmediated
_2rdamedia
338 _avolume
_2rdacarrier
650 1 0 _aMalay fiction.
942 _cB
_2ddc
999 _c138358
_d138358